000 00752nam a2200229 a 4500
001 BRCA_7081
005 20190320205715.0
008 081211s1921----gw-a######---#000-0#ger-#
041 _ager
044 _agw
050 4 _aQH31.D53
_b.B49 1921
100 1 _aBischoff, Charitas (Dietrich)
_d1848
_917602
245 1 0 _aAmalie Dietrich
_bEin leben erzählt von Charitas Bischoff.
260 _aBerlín
_bG. Grote´sche
_c1921
300 _a443 p.
_bil.
_c19 cm.
440 0 _aGrote´sche Sammlung von Werken zeitgenössicher Schriftsteller
_v97
_917603
500 _aEstado físico: lomo, cubiertas y algunas páginas se están desprendiendo
500 _aO69
600 1 4 _aDietrich, Amalie (Nelle)
_d1821-1891
_917604
902 _aGFM
942 _2lcc
_cB
999 _c6762
_d6762